00479 2200193 4500001002100000005001500021035002000036007000300056008004100059020002200100082000800122084001400130100001500144245005200159260002600211300001700237650001200254856001900266INLIS00000000000816720260127100346 a0010-0126000164ta260127 0 ind  a978-979-044-396-9 a615 a615 TOM m0 aTOM ELLIOT1 aMIKROBIOLOGI KEDOKTERAN & INFEKSI /cTOM ELLIOT aJAKARTA :bEGC,c2013 a331 ;c25 cm 4aFARMASI aALUMNI FARMASI